Iskolakultúra. - 20. évf. (2010) 3. sz.

Elmentve itt :
Bibliográfiai részletek
Dokumentumtípus: Folyóirat
Megjelent: 2010
Sorozat:Iskolakultúra 20 No. 3
Online Access:http://misc.bibl.u-szeged.hu/45384
LEADER 00477nas a2200145 i 4500
001 misc45384
005 20191106140557.0
008 180828s2010 hu o 0|| zxx d
022 |a 1215-5233 
040 |a SZTE Miscellanea Repozitórium  |b hun 
041 |a zxx 
245 0 0 |a Iskolakultúra. - 20. évf. (2010) 3. sz.  |h [elektronikus dokumentum] 
260 |c 2010 
490 0 |a Iskolakultúra  |v 20 No. 3 
856 4 0 |u http://misc.bibl.u-szeged.hu/45384/1/iskolakultura_2010_003.pdf  |z Dokumentum-elérés